| 000 | 00484 a2200181 4500 | ||
|---|---|---|---|
| 003 | OSt | ||
| 005 | 20231213091153.0 | ||
| 008 | 231213b |||||||| |||| 00| 0 eng d | ||
| 020 | _a9788126425624 | ||
| 040 | _coclc | ||
| 082 |
_a894.8123 _bNAN/A |
||
| 100 |
_aNandanar _97180 |
||
| 245 |
_aAnubhavangal / _cNandanar |
||
| 250 | _a7th ed. | ||
| 260 |
_aKottayam: _bD C Books, _c2022. |
||
| 300 | _a184p. | ||
| 942 |
_2ddc _cBK _h894.8123 _iNAN/A _k894.8123 _mNAN/A |
||
| 999 |
_c44083 _d44083 |
||